Statistiques concernant Culture ville - Sélection de tuiles

Cliquez ici pour prendre le quiz!

Statistiques générales

  • Ce quiz a été pris 43 fois
  • Le résultat moyen est 44 sur 54

Statistiques - réponses

QuestionTuileSelect% Correct
les villes turquesAnkaraOui
100%
les capitales de paysBerlinOui
100%
les villes ayant accueilli les Jeux olympiques d’étéDubaïNon
100%
les villes turquesIstanbulOui
100%
les capitales de paysLos AngelesNon
100%
les villes côtièresMarseilleOui
100%
les villes italiennesMilanOui
100%
les villes italiennesNiceNon
100%
les capitales de paysParisOui
100%
les villes africainesRomeNon
100%
les capitales de paysTokyoOui
100%
les villes turquesBakouNon
98%
les villes africainesKinshasaOui
98%
les capitales de paysSydneyNon
98%
les villes africainesAnkaraNon
95%
les villes turquesÉleusisNon
95%
les villes italiennesHéraklionNon
95%
les villes côtièresSan FranciscoOui
95%
les villes africainesAbidjanOui
93%
les villes italiennesGênesOui
93%
les villes ayant accueilli les Jeux olympiques d’étéParisOui
93%
les villes côtièresBarceloneOui
91%
les villes ayant accueilli les Jeux olympiques d’étéBerlinOui
91%
les villes africainesDohaNon
91%
les villes ayant accueilli les Jeux olympiques d’étéTokyoOui
91%
les villes africainesBakouNon
86%
les villes côtièresBologneNon
86%
les capitales de paysIslamabadOui
86%
les villes turquesIzmirOui
86%
les villes ayant accueilli les Jeux olympiques d’étéPékinOui
86%
les villes africainesTripoliOui
86%
les villes turquesAntalyaOui
84%
les villes ayant accueilli les Jeux olympiques d’étéBuenos AiresNon
84%
les capitales de paysDubaïNon
84%
les villes italiennesTriesteOui
84%
les villes ayant accueilli les Jeux olympiques d’étéMexicoOui
81%
les villes côtièresPékinNon
81%
les villes turquesTyrNon
81%
les capitales de paysAddis-AbebaOui
79%
les villes africainesOranOui
79%
les villes italiennesPadoueOui
72%
les villes ayant accueilli les Jeux olympiques d’étéNew YorkNon
67%
les villes italiennesPalmaNon
67%
les villes africainesAccraOui
65%
les villes côtièresMarrakechNon
65%
les villes turquesBodrumOui
60%
les villes italiennesLuganoNon
58%
les capitales de paysAchgabatOui
56%
les villes turquesBursaOui
44%
les villes côtièresCardiffOui
42%
les villes italiennesLucquesOui
37%
les villes côtièresSão PauloNon
35%
les villes côtièresRostockOui
28%
les villes ayant accueilli les Jeux olympiques d’étéHelsinkiOui
23%

Distribution des résultats

Percentile par nombre de réponses

% des personnes avec chaque résultat

Votre développement - résultats

Vous n’avez pas pris ce quiz